[Event "DVM U12 2016"]
[Site "Magdeburg GER"]
[Date "2016.12.27"]
[Round "2"]
[White "Haufe, Laurin"]
[Black "Felten, Maximilian"]
[Result "1-0"]
[Termination "normal"]
[Board "1.3"]
[WhiteElo "1661"]
[BlackElo "1612"]
[WhiteClock "00:27:13"]
[BlackClock "00:58:43"]
[WhiteTeam "BSG Grün-Weiß Leipzig"]
[BlackTeam "SG Trier"]
[PlyCount "95"]
[WhiteFideId "12976504"]
[BlackFideId "4004949"]
[EventCountry "GER"]
[EventRounds "7"]
[EventType "team-swiss"]
[EventDate "2016.12.26"]

1. e4 e6 2. d4 d5 3. exd5 exd5 4. Nf3 Bd6 5. Bd3 Ne7 6. O-O Nd7 7. Re1 Nf6 8.
Bg5 Bg4 9. Nbd2 c6 10. Nf1 Qc7 11. h3 Bd7 12. Ne3 h6 13. Bh4 g5 14. Bg3 Bxg3
15. fxg3 Qxg3 16. Qe2 Qc7 17. Ne5 Be6 18. Bf5 Nxf5 19. Nxf5 O-O-O 20. Qf3 Ne4
21. Ng7 Rhg8 22. Nxe6 fxe6 23. Qh5 Qg7 24. Re3 Rdf8 25. c3 Nd6 26. Ng4 Nf5 27.
Rxe6 Rh8 28. Rae1 Rfg8 29. Nf6 Rf8 30. Re8+ Rxe8 31. Rxe8+ Rxe8 32. Qxe8+ Kc7
33. Qe5+ Kd8 34. Qxf5 Qf7 35. Qe5 Qg7 36. Qe6 a6 37. Qg8+ Qxg8 38. Nxg8 h5 39.
Nf6 Ke7 40. Nxh5 Ke6 41. Kf2 Kf5 42. Kf3 b6 43. g4+ Kg6 44. Nf4+ Kf6 45. Nd3 a5
46. Ne5 c5 47. Nd7+ Ke7 48. Nxb6 1-0

[Event "DVM U12 2016"]
[Site "Magdeburg GER"]
[Date "2016.12.27"]
[Round "2"]
[White "Kirschweng, Luca"]
[Black "Rose, Noah"]
[Result "1/2-1/2"]
[Termination "normal"]
[Board "1.4"]
[WhiteElo "1186"]
[BlackElo "1547"]
[WhiteClock "00:38:35"]
[BlackClock "00:13:32"]
[WhiteTeam "SG Trier"]
[BlackTeam "BSG Grün-Weiß Leipzig"]
[PlyCount "100"]
[WhiteFideId "16262514"]
[BlackFideId "12990191"]
[EventCountry "GER"]
[EventRounds "7"]
[EventType "team-swiss"]
[EventDate "2016.12.26"]

1. e4 c5 2. Nc3 d6 3. f4 Nc6 4. Nf3 Nf6 5. Bc4 e6 6. Bb5 Bd7 7. O-O a6 8. Bxc6
Bxc6 9. d3 Qb6 10. Qe1 Be7 11. Qg3 O-O 12. f5 Kh8 13. fxe6 fxe6 14. Rb1 Rad8
15. b3 d5 16. e5 Nd7 17. Bd2 d4 18. Ne2 Bxf3 19. Rxf3 Rxf3 20. gxf3 Qc7 21. f4
Nb6 22. Rf1 Rf8 23. Qg4 Qd7 24. Ng3 Bd8 25. f5 exf5 26. Rxf5 Rxf5 27. Qxf5 Qxf5
28. Nxf5 Nc8 29. Nd6 Nxd6 30. exd6 Kg8 31. Kf2 Kf7 32. Kf3 Ke6 33. Ke4 Kxd6 34.
Bf4+ Ke6 35. Be5 Bf6 36. Bb8 g5 37. Ba7 Be7 38. a3 Bd6 39. h3 h5 40. b4 cxb4
41. axb4 Bxb4 42. Bxd4 Bd6 43. Be3 g4 44. hxg4 hxg4 45. c4 a5 46. c5 Bc7 47. d4
a4 48. d5+ Kd7 49. Kd3 Be5 50. Kc4 a3 1/2-1/2

[Event "DVM U12 2016"]
[Site "Magdeburg GER"]
[Date "2016.12.27"]
[Round "2"]
[White "Weihrauch, Jakob"]
[Black "Leßmann, Sönke"]
[Result "1-0"]
[Termination "normal"]
[Board "2.2"]
[WhiteElo "1848"]
[BlackElo "1579"]
[WhiteClock "00:04:17"]
[BlackClock "00:02:39"]
[WhiteTeam "Hamburger SK"]
[BlackTeam "Rheydter SV"]
[PlyCount "99"]
[WhiteFideId "16210115"]
[BlackFideId "16222520"]
[EventCountry "GER"]
[EventRounds "7"]
[EventType "team-swiss"]
[EventDate "2016.12.26"]

1. e4 e5 2. Nf3 Nc6 3. Bb5 a6 4. Ba4 Nf6 5. O-O d6 6. Re1 Be7 7. c3 O-O 8. h3
b5 9. Bc2 Bb7 10. d3 Re8 11. Nbd2 h6 12. Nf1 Bf8 13. Ne3 Ne7 14. Qe2 Ng6 15.
Nf5 Nf4 16. Bxf4 exf4 17. g4 fxg3 18. Nxg3 Qd7 19. Kh2 Rad8 20. d4 c5 21. Rad1
Qc7 22. Qd3 g6 23. d5 Bg7 24. Ng1 Nd7 25. f4 g5 26. fxg5 hxg5 27. Qd2 f6 28.
Nf5 Ne5 29. Qf2 Bc8 30. b3 Bxf5 31. Qxf5 Qa5 32. Re3 Qxa2 33. Rd2 b4 34. c4 Qa5
35. Rg2 Qc7 36. Reg3 Qd7 37. Qf2 Rf8 38. h4 Qe8 39. Bd1 Rd7 40. hxg5 fxg5 41.
Qe3 Nf7 42. Nf3 Be5 43. Nxe5 Qxe5 44. Bg4 Re7 45. Be6 Rxe6 46. dxe6 Qxe6 47.
Qf3 Re8 48. Kg1 Kf8 49. Rxg5 Qxe4 50. Rg8+ 1-0

[Event "DVM U12 2016"]
[Site "Magdeburg GER"]
[Date "2016.12.27"]
[Round "2"]
[White "Bartels, Simon"]
[Black "Klaas, Heiko"]
[Result "1-0"]
[Termination "normal"]
[Board "2.3"]
[WhiteElo "1631"]
[BlackElo "1573"]
[WhiteClock "00:42:40"]
[BlackClock "00:24:39"]
[WhiteTeam "Rheydter SV"]
[BlackTeam "Hamburger SK"]
[PlyCount "51"]
[WhiteFideId "12990140"]
[BlackFideId "16215940"]
[EventCountry "GER"]
[EventRounds "7"]
[EventType "team-swiss"]
[EventDate "2016.12.26"]

1. e4 e5 2. Nf3 Nc6 3. Nc3 Nf6 4. Be2 d5 5. exd5 Nxd5 6. Bb5 Nxc3 7. bxc3 Bg4
8. h3 Bd7 9. O-O Bd6 10. Re1 O-O 11. Bxc6 Bxc6 12. Nxe5 Bd5 13. d4 Re8 14. Bf4
Qf6 15. Qg4 Be6 16. Qg3 Rad8 17. Bg5 Qf5 18. Bxd8 Rxd8 19. Qd3 Qg5 20. Qf3 c6
21. c4 f6 22. Nxc6 bxc6 23. Rxe6 Kf7 24. Rae1 c5 25. Qb7+ Kf8 26. Rxd6 1-0

[Event "DVM U12 2016"]
[Site "Magdeburg GER"]
[Date "2016.12.27"]
[Round "2"]
[White "Fuhrmann, Philipp"]
[Black "Hansen, Jonah"]
[Result "1-0"]
[Termination "normal"]
[Board "2.4"]
[WhiteElo "1466"]
[BlackElo "1265"]
[WhiteClock "00:51:02"]
[BlackClock "00:49:51"]
[WhiteTeam "Hamburger SK"]
[BlackTeam "Rheydter SV"]
[PlyCount "71"]
[WhiteFideId "16227557"]
[BlackFideId "16276841"]
[EventCountry "GER"]
[EventRounds "7"]
[EventType "team-swiss"]
[EventDate "2016.12.26"]

1. e4 e5 2. Nf3 Nc6 3. Bb5 d6 4. c3 a6 5. Ba4 Nf6 6. Bc2 Bg4 7. h3 Bh5 8. O-O
d5 9. Re1 dxe4 10. Bxe4 Nxe4 11. Rxe4 f5 12. Re1 Bd6 13. Nxe5 Bxd1 14. Nxc6+
Kd7 15. Nxd8 Bh5 16. Nxb7 Rae8 17. Kf1 Rxe1+ 18. Kxe1 Re8+ 19. Kf1 Be2+ 20. Kg1
Bf4 21. g3 Bh6 22. f4 Bf3 23. Nc5+ Kc6 24. Nd3 Kd6 25. Ne5 Bb7 26. d4 g5 27.
Kf2 Bd5 28. c4 Bg8 29. b3 Bg7 30. Nc3 c5 31. Ba3 gxf4 32. Bxc5+ Kc7 33. gxf4
Bxe5 34. dxe5 Kc6 35. Bd6 Be6 36. Rg1 1-0

[Event "DVM U12 2016"]
[Site "Magdeburg GER"]
[Date "2016.12.27"]
[Round "2"]
[White "Kosev, Momchil"]
[Black "Pahl, Erik"]
[Result "1/2-1/2"]
[Termination "normal"]
[Board "3.1"]
[WhiteElo "1769"]
[BlackElo "1741"]
[WhiteClock "00:08:27"]
[BlackClock "00:30:16"]
[WhiteTeam "Erfurter SK"]
[BlackTeam "Delmenhorster SK"]
[PlyCount "134"]
[WhiteFideId "12975982"]
[BlackFideId "16201272"]
[EventCountry "GER"]
[EventRounds "7"]
[EventType "team-swiss"]
[EventDate "2016.12.26"]

1. d4 Nf6 2. Nf3 g6 3. g3 Bg7 4. Bg2 O-O 5. O-O d6 6. c4 Nc6 7. Nc3 a6 8. h3 e5
9. Be3 exd4 10. Nxd4 Ne5 11. b3 Rb8 12. Rc1 Nh5 13. Qd2 f5 14. Nd5 c6 15. Nf4
Nxf4 16. Bxf4 Qe7 17. Rfd1 Kh8 18. Nf3 Nxf3+ 19. Bxf3 Be5 20. Bxe5+ dxe5 21.
Qd6 Qxd6 22. Rxd6 Kg7 23. Rcd1 Kf7 24. h4 Be6 25. e3 Ke7 26. c5 Rbd8 27. Rxd8
Rxd8 28. Kf1 a5 29. Rxd8 Kxd8 30. Ke1 Kc7 31. Kd2 b6 32. cxb6+ Kxb6 33. Kc3 Kc5
34. a3 Bd5 35. Be2 h6 36. f4 Kd6 37. b4 axb4+ 38. Kxb4 exf4 39. exf4 c5+ 40.
Kc3 Bc6 41. Bc4 Ke7 42. Bb3 Bb5 43. a4 Bf1 44. Bd5 Kf6 45. Bb7 g5 46. h5 gxf4
47. gxf4 Ke6 48. Bc8+ Kd5 49. Bxf5 Ba6 50. Bd3 Bc8 51. f5 Ke5 52. a5 Kf6 53.
Kd2 c4 54. Bxc4 Kxf5 55. Bf7 Ba6 56. Kc3 Ke5 57. Kb4 Kd6 58. Bc4 Bb7 59. Kb5
Kc7 60. Kc5 Bc8 61. Bd3 Bb7 62. Bg6 Ba6 63. Kd5 Be2 64. Kc5 Ba6 65. Be8 Bc8 66.
Bc6 Ba6 67. Bb5 Bc8 1/2-1/2

[Event "DVM U12 2016"]
[Site "Magdeburg GER"]
[Date "2016.12.27"]
[Round "2"]
[White "Pahl, Theis"]
[Black "Seinsoth, Paul"]
[Result "1/2-1/2"]
[Termination "normal"]
[Board "3.2"]
[WhiteElo "1729"]
[BlackElo "1391"]
[WhiteClock "00:57:33"]
[BlackClock "00:30:58"]
[WhiteTeam "Delmenhorster SK"]
[BlackTeam "Erfurter SK"]
[PlyCount "56"]
[WhiteFideId "16201264"]
[BlackFideId "12994634"]
[EventCountry "GER"]
[EventRounds "7"]
[EventType "team-swiss"]
[EventDate "2016.12.26"]

1. e4 c5 2. Nf3 Nc6 3. d4 cxd4 4. Nxd4 Nf6 5. Nc3 d6 6. Be2 e5 7. Nf3 Be7 8. b3
Be6 9. Bb2 O-O 10. O-O a6 11. a4 Qc7 12. Nd5 Bxd5 13. exd5 Nb4 14. c4 a5 15.
Re1 Qb6 16. Bf1 Na6 17. h3 Nc5 18. Nd2 Bd8 19. Re3 Bc7 20. Nb1 Qa7 21. Nc3 Bb6
22. Nb5 Qb8 23. Rf3 Rd8 24. Bd3 Nxd3 25. Rxd3 Ne4 26. Rf3 Qc8 27. Qc2 f5 28.
Nc3 Nxc3 1/2-1/2

[Event "DVM U12 2016"]
[Site "Magdeburg GER"]
[Date "2016.12.27"]
[Round "2"]
[White "Wagner, Victoria"]
[Black "Sinnhöfer, Joshua"]
[Result "1-0"]
[Termination "normal"]
[Board "3.3"]
[WhiteElo "1474"]
[BlackElo "1486"]
[WhiteClock "00:11:31"]
[BlackClock "01:07:19"]
[WhiteTeam "Erfurter SK"]
[BlackTeam "Delmenhorster SK"]
[PlyCount "47"]
[WhiteFideId "16232348"]
[BlackFideId "16201361"]
[EventCountry "GER"]
[EventRounds "7"]
[EventType "team-swiss"]
[EventDate "2016.12.26"]

1. e4 c5 2. Nf3 d6 3. d4 cxd4 4. Nxd4 Nf6 5. Nc3 e6 6. Be3 Be7 7. f3 O-O 8. Qd2
Nbd7 9. g4 Ne5 10. O-O-O Bd7 11. Rg1 Bc6 12. h4 Kh8 13. g5 Ng8 14. h5 Be8 15.
Be2 Bd7 16. f4 Nc6 17. h6 g6 18. Nxc6 bxc6 19. Bd4+ f6 20. e5 fxe5 21. fxe5 d5
22. Be3 c5 23. Nxd5 exd5 24. Qxd5 {Rest nicht nachvollziehbar (es folgt Lc5 von
Schwarz und Lc3 von weiß)} 1-0

[Event "DVM U12 2016"]
[Site "Magdeburg GER"]
[Date "2016.12.27"]
[Round "2"]
[White "Sinnhöfer, Lilian"]
[Black "Wagner, Margarethe"]
[Result "1-0"]
[Termination "normal"]
[Board "3.4"]
[WhiteElo "1319"]
[BlackElo "1295"]
[WhiteClock "00:19:09"]
[BlackClock "00:35:18"]
[WhiteTeam "Delmenhorster SK"]
[BlackTeam "Erfurter SK"]
[PlyCount "57"]
[WhiteFideId "12977586"]
[BlackFideId "16236947"]
[EventCountry "GER"]
[EventRounds "7"]
[EventType "team-swiss"]
[EventDate "2016.12.26"]

1. e4 c5 2. Nc3 Nc6 3. f4 d6 4. Bb5 a6 5. Bxc6+ bxc6 6. Nf3 Nf6 7. d3 e6 8. b3
d5 9. O-O d4 10. Nb1 Be7 11. Nbd2 O-O 12. Nc4 Nd7 13. Bd2 Qc7 14. Qe1 Bd6 15.
Qh4 Re8 16. Qh5 h6 17. g4 Nf6 18. Qh3 Bxf4 19. Bxf4 Qxf4 20. Nfe5 Qg5 21. Qg3
h5 22. h4 Qh6 23. g5 Nxe4 24. dxe4 Qh7 25. g6 fxg6 26. Nxg6 Bb7 27. Nd6 Reb8
28. Rf7 Ra7 29. Raf1 1-0

[Event "DVM U12 2016"]
[Site "Magdeburg GER"]
[Date "2016.12.27"]
[Round "2"]
[White "Toval, David"]
[Black "Jakob, Georg"]
[Result "0-1"]
[Termination "normal"]
[Board "4.1"]
[WhiteElo "1739"]
[BlackElo "1778"]
[WhiteClock "00:27:55"]
[BlackClock "00:30:28"]
[WhiteTeam "SK Münster"]
[BlackTeam "SG Königskinder Hohentübingen"]
[PlyCount "52"]
[WhiteFideId "12992755"]
[BlackFideId "16224221"]
[EventCountry "GER"]
[EventRounds "7"]
[EventType "team-swiss"]
[EventDate "2016.12.26"]

1. e4 c5 2. c3 Nf6 3. e5 Nd5 4. d4 cxd4 5. Nf3 e6 6. cxd4 d6 7. a3 Bd7 8. Bd3
Bc6 9. O-O Nd7 10. b4 a6 11. Nbd2 Qc7 12. Nc4 Be7 13. exd6 Bxd6 14. Nxd6+ Qxd6
15. Re1 O-O 16. Bxh7+ Kxh7 17. Ng5+ Kg8 18. Qd3 N5f6 19. a4 b5 20. a5 Rad8 21.
Bb2 Qd5 22. Qg3 Nh5 23. Qg4 Ndf6 24. Qf3 Qxf3 25. Nxf3 Bxf3 26. gxf3 Nf4 0-1

[Event "DVM U12 2016"]
[Site "Magdeburg GER"]
[Date "2016.12.27"]
[Round "2"]
[White "Wang, Xinyuan"]
[Black "Kamp, Adrian"]
[Result "1-0"]
[Termination "normal"]
[Board "4.2"]
[WhiteElo "1688"]
[BlackElo "1751"]
[WhiteClock "00:31:24"]
[BlackClock "00:09:39"]
[WhiteTeam "SG Königskinder Hohentübingen"]
[BlackTeam "SK Münster"]
[PlyCount "81"]
[WhiteFideId "16221494"]
[BlackFideId "16222466"]
[EventCountry "GER"]
[EventRounds "7"]
[EventType "team-swiss"]
[EventDate "2016.12.26"]

1. d4 Nf6 2. c4 g6 3. Nc3 d5 4. cxd5 Nxd5 5. e4 Nxc3 6. bxc3 Bg7 7. Nf3 c5 8.
Bc4 O-O 9. O-O Bg4 10. Be3 Bxf3 11. gxf3 Qc7 12. Rc1 Nd7 13. f4 Rad8 14. Qd2
Qa5 15. d5 b5 16. Be2 Nf6 17. Bf3 Qa4 18. Qc2 Qxc2 19. Rxc2 Nd7 20. e5 Rc8 21.
Rd1 Nb6 22. Bg4 Rcd8 23. d6 exd6 24. exd6 Na4 25. c4 bxc4 26. Rxc4 Nb2 27. Rcc1
Nxd1 28. Rxd1 f5 29. Be2 Rf6 30. Bxc5 h6 31. d7 a5 32. Be7 Rff8 33. Bxd8 Rxd8
34. Bb5 Kf8 35. Re1 Bf6 36. Re8+ Kg7 37. Kf1 g5 38. fxg5 hxg5 39. Ke2 Kg6 40.
Kd3 Kh5 41. Kc4 1-0

[Event "DVM U12 2016"]
[Site "Magdeburg GER"]
[Date "2016.12.27"]
[Round "2"]
[White "Schröder, Lennart"]
[Black "Aptyka, Tim"]
[Result "1-0"]
[Termination "normal"]
[Board "4.3"]
[WhiteElo "1503"]
[BlackElo "1524"]
[WhiteClock "01:03:14"]
[BlackClock "00:39:33"]
[WhiteTeam "SK Münster"]
[BlackTeam "SG Königskinder Hohentübingen"]
[PlyCount "37"]
[WhiteFideId "16222490"]
[BlackFideId "16255860"]
[EventCountry "GER"]
[EventRounds "7"]
[EventType "team-swiss"]
[EventDate "2016.12.26"]

1. d4 Nf6 2. Nf3 e6 3. g3 c5 4. c4 cxd4 5. Nxd4 Bb4+ 6. Bd2 Bxd2+ 7. Qxd2 a6 8.
Bg2 Qc7 9. O-O Qxc4 10. Rc1 Qxc1+ 11. Qxc1 O-O 12. Nc3 e5 13. Nf5 d5 14. Ne7+
Kh8 15. Ncxd5 Nxd5 16. Nxd5 Be6 17. Nc7 Ra7 18. Qc5 b6 19. Qxf8# 1-0

[Event "DVM U12 2016"]
[Site "Magdeburg GER"]
[Date "2016.12.27"]
[Round "2"]
[White "Wu, Leon"]
[Black "Waffenschmidt, Lars"]
[Result "1-0"]
[Termination "normal"]
[Board "5.1"]
[WhiteElo "1839"]
[BlackElo "1526"]
[WhiteTeam "SK Mannheim-Lindenhof"]
[BlackTeam "SK Bebenhausen"]
[PlyCount "91"]
[WhiteFideId "12977438"]
[BlackFideId "16244656"]
[EventCountry "GER"]
[EventRounds "7"]
[EventType "team-swiss"]
[EventDate "2016.12.26"]

1. e4 e5 2. Nf3 Nc6 3. Bb5 a6 4. Ba4 Nf6 5. O-O Be7 6. Re1 b5 7. Bb3 O-O 8. c3
d5 9. exd5 Nxd5 10. d4 exd4 11. Nxd4 Bb7 12. Nf5 Nf6 13. Nxe7+ Nxe7 14. Qxd8
Raxd8 15. Rxe7 Ne4 16. Be3 Rd3 17. Bc2 Rd6 18. Na3 Rfd8 19. h3 Nd2 20. Re1 Bc6
21. Bf4 Rd5 22. Nb1 Nxb1 23. Bxb1 Rd1 24. Bc2 R1d5 25. Be4 h6 26. Bxc7 Rc8 27.
Bxd5 Bxd5 28. Re8+ Rxe8 29. Rxe8+ Kh7 30. b3 Kg6 31. f3 Bc6 32. Re1 Bd5 33. Kf2
Bc6 34. Ke3 Kh7 35. Kd4 Bd7 36. c4 b4 37. c5 Bc6 38. Ke5 a5 39. Bxa5 Bb5 40.
Bxb4 Bd3 41. c6 Bg6 42. c7 Bh5 43. c8=Q Bg6 44. Kd4 Bh5 45. Re8 Bg6 46. Rh8#
1-0

[Event "DVM U12 2016"]
[Site "Magdeburg GER"]
[Date "2016.12.27"]
[Round "2"]
[White "Marx, Benedikt"]
[Black "Wu, Luka"]
[Result "0-1"]
[Termination "normal"]
[Board "5.2"]
[WhiteElo "1289"]
[BlackElo "1735"]
[WhiteTeam "SK Bebenhausen"]
[BlackTeam "SK Mannheim-Lindenhof"]
[PlyCount "104"]
[WhiteFideId "16255690"]
[BlackFideId "12977420"]
[EventCountry "GER"]
[EventRounds "7"]
[EventType "team-swiss"]
[EventDate "2016.12.26"]

1. e4 c5 2. Nf3 d6 3. d4 cxd4 4. Nxd4 Nf6 5. Nc3 g6 6. Be3 Bg7 7. f3 O-O 8. Qd2
Nc6 9. O-O-O Bd7 10. Kb1 Rc8 11. h4 h5 12. Be2 Ne5 13. Rhg1 Nc4 14. Bxc4 Rxc4
15. f4 Ng4 16. g3 Nxe3 17. Qxe3 Qb6 18. e5 Bg4 19. Rd2 dxe5 20. fxe5 Rd8 21.
Re1 Rcxd4 22. Rxd4 Qxd4 23. Qxd4 Rxd4 24. Kc1 Kf8 25. Nb5 Bh6+ 26. Kb1 Rd1+ 27.
Rxd1 Bxd1 28. Nxa7 Be2 29. Nc8 Be3 30. a4 b6 31. b4 Ke8 32. a5 bxa5 33. bxa5
Bd2 34. Nb6 Bxa5 35. Na4 Be1 36. Nb2 Bxg3 37. c4 Bxe5 38. c5 Bxb2 39. Kxb2 Kd7
40. c6+ Kxc6 41. Kc2 f5 42. Kd2 Bg4 43. Ke3 e5 44. Kf2 f4 45. Kg2 e4 46. Kf2
e3+ 47. Ke1 f3 48. Kf1 f2 49. Kg2 Be2 50. Kh2 f1=Q 51. Kg3 Qf2+ 52. Kh3 Bg4#
0-1

[Event "DVM U12 2016"]
[Site "Magdeburg GER"]
[Date "2016.12.27"]
[Round "2"]
[White "Hardt, Anton"]
[Black "Kroh, Franz Alexander"]
[Result "0-1"]
[Termination "normal"]
[Board "5.3"]
[WhiteElo "1417"]
[BlackElo "1277"]
[WhiteTeam "SK Mannheim-Lindenhof"]
[BlackTeam "SK Bebenhausen"]
[PlyCount "140"]
[WhiteFideId "16239466"]
[EventCountry "GER"]
[EventRounds "7"]
[EventType "team-swiss"]
[EventDate "2016.12.26"]

1. e4 e5 2. Nf3 Nc6 3. Bc4 Bc5 4. c3 Nf6 5. d4 exd4 6. cxd4 Bb4+ 7. Nc3 Nxe4 8.
O-O Bxc3 9. d5 Bf6 10. Re1 Ne7 11. Rxe4 d6 12. Ng5 Bf5 13. Re1 O-O 14. Bd3 h6
15. Bxf5 Nxf5 16. Qd3 Bxg5 17. Qxf5 Bxc1 18. Raxc1 Re8 19. h3 Rc8 20. Re4 Rxe4
21. Qxe4 Qd7 22. Rc3 c6 23. Qa4 b5 24. dxc6 Qc7 25. Qxb5 Rb8 26. Qa4 Rxb2 27.
Qe4 Rb8 28. g3 Kf8 29. Qd5 Re8 30. Rd3 Rd8 31. Kg2 Rc8 32. Qxd6+ Qxd6 33. Rxd6
Rc7 34. Rd7 Rxd7 35. cxd7 Ke7 36. Kf3 Kxd7 37. Ke3 Kc6 38. Kd3 Kb5 39. Kc3 Kc5
40. f4 f5 41. g4 g6 42. Kd3 Kd5 43. Ke3 Kc4 44. g5 h5 45. a4 a5 46. Kd2 Kb3 47.
Kc1 Kxa4 48. Kb2 Kb4 49. h4 a4 50. Ka2 a3 51. Ka1 Kc3 52. Ka2 Kd4 53. Kxa3 Ke4
54. Kb3 Kxf4 55. Kc3 Ke3 56. Kc2 Ke2 57. Kc3 f4 58. Kd4 f3 59. Ke5 f2 60. Kf6
f1=Q+ 61. Kxg6 Qf3 62. Kg7 Qb7+ 63. Kf6 Qc6+ 64. Ke5 Qg6 65. Kf4 Kf2 66. Ke5
Kg3 67. Kd4 Kxh4 68. Kc3 Kxg5 69. Kd2 Qe4 70. Kc3 h4 0-1

[Event "DVM U12 2016"]
[Site "Magdeburg GER"]
[Date "2016.12.27"]
[Round "2"]
[White "Öz, Mert"]
[Black "Stillbauer, Jan"]
[Result "0-1"]
[Termination "normal"]
[Board "5.4"]
[WhiteElo "1216"]
[BlackElo "1404"]
[WhiteTeam "SK Bebenhausen"]
[BlackTeam "SK Mannheim-Lindenhof"]
[PlyCount "152"]
[WhiteFideId "16255704"]
[BlackFideId "16239393"]
[EventCountry "GER"]
[EventRounds "7"]
[EventType "team-swiss"]
[EventDate "2016.12.26"]

1. e4 e5 2. Nf3 Nc6 3. d4 exd4 4. Nxd4 Nf6 5. Nxc6 bxc6 6. e5 Nd5 7. c4 Bb4+ 8.
Bd2 Bxd2+ 9. Qxd2 Nb6 10. Nc3 Qe7 11. Qe2 Ba6 12. b3 O-O 13. Qe4 Rae8 14. Be2
f6 15. e6 Qb4 16. Qc2 Rxe6 17. O-O Rfe8 18. Rad1 Bb7 19. Bg4 Re5 20. h3 d5 21.
a3 Qc5 22. b4 Qxc4 23. Rc1 Qa6 24. a4 Qc4 25. a5 Nc8 26. Na2 Qxc2 27. Rxc2 Re1
28. Rxe1 Rxe1+ 29. Kh2 Nd6 30. b5 Nxb5 31. Nb4 Nd4 32. Rd2 c5 33. Nd3 Rb1 34.
Nxc5 Nb3 35. Nxb3 Rxb3 36. Be6+ Kf8 37. Bxd5 Bxd5 38. Rxd5 Ke7 39. f3 c6 40.
Rd2 Rb5 41. Ra2 Kd6 42. Kg1 Kc7 43. Kf2 Kb7 44. Ke3 Ka6 45. Kd4 Rxa5 46. Rb2
Rb5 47. Ra2+ Kb6 48. g4 a5 49. f4 Rb4+ 50. Ke3 Kb5 51. h4 c5 52. Rd2 a4 53. g5
fxg5 54. hxg5 Rd4 55. Rh2 a3 56. Rxh7 a2 57. Rh1 Ra4 58. Ra1 Kb4 59. f5 Kb3 60.
f6 gxf6 61. gxf6 Kb2 62. f7 Ra8 63. Rg1 a1=Q 64. Rg8 Qe1+ 65. Kf4 Qf2+ 66. Ke4
Qxf7 67. Rxa8 Qb7+ 68. Kd3 Qxa8 69. Kc4 Qa4+ 70. Kd5 Qd4+ 71. Kc6 c4 72. Kb5 c3
73. Ka5 c2 74. Kb5 c1=Q 75. Ka5 Qcc5+ 76. Ka6 Qb6# 0-1

[Event "DVM U12 2016"]
[Site "Magdeburg GER"]
[Date "2016.12.27"]
[Round "2"]
[White "Liebold, Aaron"]
[Black "Lutz, Ruben"]
[Result "1/2-1/2"]
[Termination "normal"]
[Board "6.1"]
[WhiteElo "1746"]
[BlackElo "1843"]
[WhiteTeam "ESV Gera"]
[BlackTeam "USV TU Dresden"]
[PlyCount "55"]
[WhiteFideId "12997846"]
[BlackFideId "12975974"]
[EventCountry "GER"]
[EventRounds "7"]
[EventType "team-swiss"]
[EventDate "2016.12.26"]

1. e4 e6 2. d4 d5 3. Nd2 Nf6 4. e5 Nfd7 5. Bd3 c5 6. c3 Nc6 7. Ne2 cxd4 8. cxd4
f6 9. exf6 Nxf6 10. Nf3 Bd6 11. O-O Qc7 12. Re1 O-O 13. Be3 Bd7 14. Rc1 Rae8
15. a3 Qb8 16. Qc2 e5 17. dxe5 Nxe5 18. Ned4 Neg4 19. h3 Nxe3 20. fxe3 Bg3 21.
Re2 Rc8 22. Qb1 Rxc1+ 23. Qxc1 Rc8 24. Rc2 Rxc2 25. Qxc2 Qe8 26. Qc1 Ne4 27.
Kf1 g6 28. Ke2 1/2-1/2

[Event "DVM U12 2016"]
[Site "Magdeburg GER"]
[Date "2016.12.27"]
[Round "2"]
[White "Lutz, Adam"]
[Black "Schubert, Nikita"]
[Result "0-1"]
[Termination "normal"]
[Board "6.2"]
[WhiteElo "1743"]
[BlackElo "1792"]
[WhiteTeam "USV TU Dresden"]
[BlackTeam "ESV Gera"]
[PlyCount "98"]
[WhiteFideId "16226615"]
[BlackFideId "16212339"]
[EventCountry "GER"]
[EventRounds "7"]
[EventType "team-swiss"]
[EventDate "2016.12.26"]

1. e4 e5 2. Nf3 Nc6 3. d4 exd4 4. Nxd4 Nf6 5. Nxc6 bxc6 6. e5 Qe7 7. Qe2 Nd5 8.
c4 Ba6 9. b3 g6 10. g3 Bg7 11. Bb2 O-O 12. f4 Rae8 13. Bg2 f6 14. Qf2 fxe5 15.
cxd5 exf4+ 16. Kd1 fxg3 17. Qc2 Rf2 18. Nd2 Qe2+ 19. Kc1 Bd3 20. Qd1 Bh6 21.
Bc3 Rxg2 22. hxg3 Bxd2+ 23. Bxd2 Qxd1+ 24. Rxd1 Ree2 25. dxc6 dxc6 26. a4 Rxg3
27. b4 Bc4 28. Rb1 h5 29. Rb2 Rd3 30. Rg1 Kf7 31. Rf1+ Ke6 32. Rg1 Kf5 33. Rg5+
Kf6 34. Rc5 Bd5 35. Bg5+ Kf5 36. Rxe2 Kxg5 37. b5 Kf4 38. bxc6 Be4 39. Rb2 Rd6
40. Rb4 g5 41. a5 h4 42. Rxe4+ Kxe4 43. Rxg5 Rxc6+ 44. Kb2 Rh6 45. Rg7 h3 46.
Rxc7 h2 47. Re7+ Kd5 48. Rd7+ Kc6 49. Rxa7 h1=Q 0-1

[Event "DVM U12 2016"]
[Site "Magdeburg GER"]
[Date "2016.12.27"]
[Round "2"]
[White "Müller, Magnus"]
[Black "Günther, Fabian"]
[Result "0-1"]
[Termination "normal"]
[Board "6.3"]
[WhiteElo "1599"]
[BlackElo "1255"]
[WhiteTeam "ESV Gera"]
[BlackTeam "USV TU Dresden"]
[PlyCount "116"]
[WhiteFideId "16230060"]
[BlackFideId "16240294"]
[EventCountry "GER"]
[EventRounds "7"]
[EventType "team-swiss"]
[EventDate "2016.12.26"]

1. e4 c5 2. d4 cxd4 3. c3 e5 4. Nf3 Nc6 5. Bc4 Bc5 6. Ng5 Nh6 7. Qh5 O-O 8.
Bxf7+ Rxf7 9. Nxf7 Nxf7 10. O-O d6 11. a3 a6 12. Kh1 g6 13. Qf3 b5 14. Qg3 Qe7
15. f4 Kh8 16. f5 g5 17. f6 Qe6 18. Bxg5 Nxg5 19. Qxg5 Qf7 20. Nd2 Bb7 21. Rf3
Rg8 22. Qf5 Bc8 23. Raf1 Bxf5 24. Rxf5 Nb8 25. Nf3 h6 26. h3 Nd7 27. g4 dxc3
28. bxc3 Be3 29. Rd1 Nc5 30. Rxd6 Nxe4 31. Nxe5 Qf8 32. f7 Ng3+ 33. Kh2 Nxf5
34. fxg8=Q+ Qxg8 35. Ng6+ Kh7 36. gxf5 Qb8 37. Nf8+ Qxf8 38. Rd7+ Kg8 39. Rd3
Qb8+ 40. Kg2 Qb7+ 41. Kg3 Qg7+ 42. Kf3 Qg5 43. Rxe3 Qxf5+ 44. Kg2 Qc5 45. Rg3+
Kf7 46. Rf3+ Ke6 47. Kg3 Qg1+ 48. Kf4 Qg5+ 49. Ke4 Qe5+ 50. Kd3 Qd5+ 51. Ke2
Qa2+ 52. Kd3 Qxa3 53. Re3+ Kd5 54. Re4 Qxc3+ 55. Kxc3 Kxe4 56. Kb4 Kf4 57. Ka5
Kg3 58. Kxa6 b4 0-1

[Event "DVM U12 2016"]
[Site "Magdeburg GER"]
[Date "2016.12.27"]
[Round "2"]
[White "Pfefferkorn, Paul"]
[Black "Helmsdorf, Marius"]
[Result "0-1"]
[Termination "normal"]
[Board "6.4"]
[WhiteElo "1033"]
[BlackElo "1301"]
[WhiteTeam "USV TU Dresden"]
[BlackTeam "ESV Gera"]
[PlyCount "104"]
[WhiteFideId "16255330"]
[BlackFideId "16274873"]
[EventCountry "GER"]
[EventRounds "7"]
[EventType "team-swiss"]
[EventDate "2016.12.26"]

1. e4 c6 2. Nf3 d5 3. exd5 cxd5 4. d4 Bg4 5. Nc3 e6 6. Bf4 Bd6 7. Bxd6 Qxd6 8.
Be2 Nc6 9. O-O Qf4 10. h3 Bxf3 11. Bxf3 Nxd4 12. Be2 Nxe2+ 13. Nxe2 Qc7 14. Nc3
Ne7 15. Qd3 O-O 16. Nb5 Qc5 17. a3 a6 18. b4 Qb6 19. Nd4 Nc6 20. Nb3 Ne5 21.
Qe2 Nd7 22. c4 dxc4 23. Qxc4 Rac8 24. Qe2 Rc3 25. Nd2 Rc2 26. Qd3 Qc6 27. Nb3
Rc3 28. Qd1 Qa4 29. Nd4 Qxd1 30. Rfxd1 Nb6 31. Ne2 Rc2 32. Nd4 Rc4 33. Ne2 Nd5
34. Rac1 Rfc8 35. Rb1 g6 36. b5 Re4 37. bxa6 bxa6 38. Kf1 Rcc4 39. f3 Re3 40.
Ra1 Ra4 41. Kg1 Rxe2 42. Re1 Re3 43. Rab1 Rexa3 44. Rb8+ Kg7 45. Rc1 Nf6 46.
Kh2 Rd4 47. Ra8 Rd6 48. Kg3 a5 49. Rc5 Rd5 50. Rc4 Nd7 51. Rac8 Kh6 52. Rd8 Nb6
0-1